Topométrie opérationnelle / (Record no. 16156)

000 -LEADER
fixed length control field 00406nam a2200145 a 4500
020 ## - INTERNATIONAL STANDARD BOOK NUMBER
ISBN 2710900912 :
040 ## - CATALOGING SOURCE
Transcribing agency DLC
082 00 - DEWEY DECIMAL CLASSIFICATION NUMBER
Classification number 526 TEC 1980 A084 Or.
100 1# - MAIN ENTRY--AUTHOR NAME
Personal name Brabant, Michel.
245 10 - TITLE STATEMENT
Title Topométrie opérationnelle /
260 ## - PUBLICATION, DISTRIBUTION, ETC. (IMPRINT)
Place of publication Paris :
Name of publisher Technique & vulgarisation,
Year of publication 1980.
300 ## - PHYSICAL DESCRIPTION
Number of Pages 377 p., [1] folded leaf of plates :
Other physical details ill. (some col.) ;
Dimensions 25 cm.
650 #0 - SUBJECT ADDED ENTRY--TOPICAL TERM
Topical Term Surveying.
942 ## - ADDED ENTRY ELEMENTS (KOHA)
Koha item type សៀវភៅភាសាអង់គ្លេស
952 ## - LOCATION AND ITEM INFORMATION (KOHA)
Withdrawn status [LOCAL, KOHA] 0
952 ## - LOCATION AND ITEM INFORMATION (KOHA)
Withdrawn status [LOCAL, KOHA] 0
Holdings
Permanent Location Date acquired Koha item type Lost status Shelving location Barcode Current Location Full call number
Library Block A2018-01-17សៀវភៅភាសាអង់គ្លេស A084A23258Library Block A526 TEC 1980 A084 Or.
Library Block A2018-01-17សៀវភៅភាសាអង់គ្លេស A084A23853Library Block A526 TEC 1980 A084 Or.
មជ្ឈមណ្ឌលឯការនៃសាកលវិទ្យាល័យភូមិន្ទកសិកម្មចំការដូង

Powered by Koha